Interiér Obchodného domu Lamač
Guardado en:
| Autor principal: | |
|---|---|
| Otros Autores: | |
| Formato: | Manuscrito Libro |
| Lenguaje: | eslovaco |
| Publicado: |
Bratislava
2021
|
| Materias: | |
| Acceso en línea: | http://is.stuba.sk/zp/portal_zp.pl?podrobnosti=159511 |
| Etiquetas: |
Sin Etiquetas, Sea el primero en etiquetar este registro!
|
MARC
| LEADER | 00000ntm a22000003a 4500 | ||
|---|---|---|---|
| 001 | stuzp83806 | ||
| 003 | SK-STU | ||
| 005 | 20220221100647.5 | ||
| 007 | ta | ||
| 008 | 150427s2015----xo-----f-mn---000-0-slo-d | ||
| 040 | |a STU |b slo | ||
| 041 | 0 | |a slo | |
| 100 | 1 | |a Blaško, Michal |u 055150 |4 aut |U FAD Fakulta architektúry a dizajnu |T FAD Ústav interiéru a výstavníctva |X 82377 |U A5150 |Y 396 |7 82377 | |
| 242 | 0 | 1 | |a Interior of the Lamač Shopping Center |y eng |
| 245 | 1 | 0 | |a Interiér Obchodného domu Lamač |
| 260 | |c 2021 |a Bratislava | ||
| 650 | 4 | |a multifunkčná miestnosť |2 slo | |
| 650 | 4 | |a atypický nábytok |2 slo | |
| 650 | 4 | |a predsálie |2 slo | |
| 650 | 4 | |a šatňa |2 slo | |
| 650 | 4 | |a multifunctional hall |2 eng | |
| 650 | 4 | |a atypical furniture |2 eng | |
| 650 | 4 | |a lobby |2 eng | |
| 650 | 4 | |a dressing room |2 eng | |
| 700 | 1 | |a Kotradyová, Veronika |u 055150 |k Z1 |4 ths |U FAD Fakulta architektúry a dizajnu |T FAD Ústav interiéru a výstavníctva |X 344 |U A5150 |Y 396 |7 A000000344 | |
| 856 | 4 | |u http://is.stuba.sk/zp/portal_zp.pl?podrobnosti=159511 |u https://opac.crzp.sk/?fn=detailBiblioForm&sid=0C216CD716E182230E2A08AAC853 | |